Fill in the 2023 NCAA Tournament Bracket - Statistics

General Stats
  • This quiz has been taken 959 times
    957 since last reset
  • The average score is 42 of 68
Answers on the Map
Answers color-coded by a green-red scale on the quiz's map according to % correct below.
 
Answer Stats
Team % Correct
Connecticut
92%
Alabama
91%
Duke
91%
Texas
89%
Kansas
88%
Purdue
88%
San Diego State
88%
Florida Atlantic
85%
Miami
85%
Michigan State
83%
Houston
81%
Kentucky
81%
Gonzaga
80%
UCLA
79%
Arizona
78%
Tennessee
77%
Virginia
77%
Baylor
76%
Kansas State
76%
Saint Mary's
74%
Iowa
72%
Texas A&M
72%
Arkansas
71%
Creighton
71%
Auburn
70%
Indiana
70%
Fairleigh Dickinson
69%
Marquette
69%
Princeton
69%
USC
69%
Illinois
68%
Iowa State
66%
North Carolina State
66%
Maryland
62%
Missouri
62%
Memphis
61%
Penn State
60%
TCU
58%
Xavier
58%
Arizona State
57%
Furman
56%
Utah State
56%
West Virginia
55%
Northwestern
54%
Pittsburgh
54%
Providence
52%
Mississippi State
51%
Boise State
50%
Drake
50%
Nevada
48%
Oral Roberts
47%
Vermont
47%
VCU
43%
Charleston
42%
Colgate
41%
Montana State
41%
Iona
40%
Kent State
40%
Texas A&M Corpus Christi
39%
Louisiana
38%
Howard
36%
Kennesaw State
36%
Grand Canyon
35%
Texas Southern
34%
UC Santa Barbara
32%
Northern Kentucky
29%
UNC Asheville
29%
Southeast Missouri State
25%
No matching quizzes found
Score Distribution
Percent of People with Each Score
Percentile by Number Answered
Your Score History
You have not taken this quiz since the last reset